| 000 | 01106nam a2200253 a 4500 | ||
|---|---|---|---|
| 001 | 000027029 | ||
| 005 | 20250924073802.0 | ||
| 008 | 110329s1975 dr a 000 0bspa d | ||
| 040 |
_aDO-SdBNP _bspa _cBNPHU |
||
| 082 |
_a972.93052 _bG464m |
||
| 100 | 1 |
_aGilbert, Gregorio Urbano, _d1899-1970 _954127 |
|
| 245 | 1 | 0 |
_aMi lucha contra el invasor yanqui de 1916 / _cGilbert Gregorio Urbano ; presentación de Emilio Cordero Michel ; prólogo de Félix Servio Ducoudray H. |
| 260 |
_aSanto Domingo : _bEditora de la UASD, _c1975. |
||
| 300 |
_a291 p. : _bil., ; _c21 cm. |
||
| 490 | 1 |
_aPublicaciones de la Universidad Autónoma de Santo Domingo _v187 |
|
| 490 | 1 |
_aHistoria y Sociedad _v19 |
|
| 651 | 0 |
_aRepública Dominicana -- _xHistoria -- _yOcupación norteamericana, 1916-1924 _91926 |
|
| 700 | 1 |
_aCordero Michel, Emilio, _d1929-2018 _epresent. _944029 |
|
| 700 | 1 |
_aDucoudray H., Félix Servio, _epról. _945447 |
|
| 830 |
_aPublicaciones de la Universidad Autónoma de Santo Domingo _v187 _952 |
||
| 830 | 0 |
_aHistoria y Sociedad; _v19 _913749 |
|
| 910 | _aValidado. Control de calidad EMS | ||
| 049 | _aBNPD | ||
| 999 |
_c26521 _d26521 |
||